• 首页
  • 本馆介绍
  • 公告通知
  • 最新文献
  • 馆藏检索
  • 电子资源
  • 读者导购
  • 参考咨询
  • 我的图书馆
  • 登录
  • 详细信息显示
  • 放入我的书架
  • 预约/预借图书
  • 作者相关作品
  • 分类相关作品
  • 丛书相关作品
  • 出版社相关作品

书目信息

  • 表格格式
  • 工作单格式
  • 卡片格式
题名:
社会心理学
    
 
作者: 吴江霖 著
分册:  
出版信息: 广州   广东高等教育出版社  2000
页数: 510页
开本: 26cm
丛书名:
单 册:
中图分类: C912.6 , B84
科图分类:
主题词: 社会心理学 , 心理学
电子资源:
ISBN: 7-5361-2460-0
000 00643nam0 2200241 450
001 1534953726
005 20150126094256.78
010    @a7-5361-2460-0@dCNY25.00
100    @a20021005d2000 em y0chiy0110 ea
101 0  @achi
102    @aCN@b440000
105    @ay z 000yy
200 1  @a社会心理学@9she hui xin li xue@f吴江霖等著
210    @a广州@c广东高等教育出版社@d2000
215    @a510页@d26cm
510 1  @aSocial psychology@zeng
606 0  @a社会心理学
606 0  @a心理学
690    @aC912.6@v5
690    @aB84@v4
701  0 @a吴江霖@9wu jiang lin@f(1914~1995)@4著
801  0 @aCN@bTSSF@c20150126
905    @aZUCC@dB84@eJY760
    
    社会心理学/吴江霖等著.-广州:广东高等教育出版社,2000
    510页;26cm
    
    
    ISBN 7-5361-2460-0:CNY25.00
    
●
相关链接 在E读中查询图书 在五车中查询图书 在当当中查询图书 在豆瓣中查询图书


正题名:社会心理学     索取号:B84/JY760         预约/预借

序号 登录号 条形码 馆藏地/架位号 状态 备注
1 7846200   278462003   学院路分馆/ [索取号:B84/JY760] 在馆    
2 7846201   278462012   学院路分馆/ [索取号:B84/JY760] 在馆    
唐山师范学院图书馆 欢迎您!
大连网信软件有限公司© 版权所有